000 00636nam a22002057a 4500
999 _c121175
_d121175
001 K121175
008 190716b2020 ||||| |||| 00| 0 eng d
110 _96286
_aMIPIM
245 _aMIPIM 2020
_bThe future is human
520 _aAgenda and Programme of events and speakers for MIPIM 2020 taking place in Cannes, France 10 - 13 March 2019.
650 _aMIPIM
650 _aPlacemaking
650 _aCities
650 _aSustainable development
650 _aClimate change
650 _aValue the Planet
651 _aInternational
690 _96271
_aSustainability
856 _uhttps://www.mipim.com
_zView at mipim.com